Every Top 5 Campaign Player in Trackmania - Statistics

General Stats
  • This quiz has been taken 9 times
  • The average score is 39 of 115
Answer Stats
Hint Answer % Correct
3rd GranaDy.
89%
2nd | 3rd | 4th | +4 others hobbi.
89%
4th | Fall 20201st riolu-tm
89%
2nd Scrapie98
89%
2nd | 4th | 5th | Winter 2026 1st LordQuacked
67%
Winter 2024 1st Samifying
67%
4th qpdb...
56%
3rd | 4th | 5th | +3 others ShcrTM
56%
5th DarkestSentinel
44%
2nd | 4th | 5th LimaTM
44%
2nd | 3rd | 4th | +2 others Maniaaaac_
44%
Winter 2021 1st racehansTM
44%
2nd | 3rd | Spring 2021 1st AR_Mudda
33%
2nd | 3rd | 4th | 5th DarkestSentinel
33%
Summer 20201st Hefest
33%
2nd Maniaaaac_
33%
Spring 2025 1st rq.kreth
33%
2nd | 5th | Winter 2022 1st Dexter.771
22%
3rd | 5th GNR-HASKELL
22%
4th KrudeTM
22%
5th r1nt3.
22%
5th Eddiel33t
11%
3rd eddieTM
11%
5th eLconn21
11%
2nd | 3rd | 4th Erizel
11%
3rd Fleu..
11%
Fall 2021 1st KarjeN
11%
Fall 2024 1st Loupphok
11%
2nd | 3rd | 4th mime-
11%
2nd | 3rd | 4th pusztitopako
11%
2nd | 4th | Fall 2023 1st qpdb...
11%
2nd | Summer 2021 1st Raceta
11%
5th RatchetEU
11%
4th bepeze.
0%
5th Emelius.
0%
5th Girsh.
0%
5th | Spring 2022 1st | Winter 2023 1st keby..
0%
4th | 5th Kelven.
0%
3rd Korniee
0%
Summer 2024 1st Neko.TMU
0%
3rd Redbolt_
0%
4th Ricso5
0%
2nd | 3rd | 4th | 5th RotakeR.
0%
5th Schmaniol
0%
4th ShcrTM
0%
3rd | 4th WinkyFace-
0%
3rd xdennis090
0%
5th ZedroXTM
0%
3rd | Summer 2023 1st zodiark.
0%
5th Zypher.TM
0%
No matching quizzes found
Score Distribution
Percent of People with Each Score
Percentile by Number Answered
Your Score History
You have not taken this quiz